CLINICAL PERIODONTOLOGY (Record no. 3495)

MARC details
000 -LEADER
fixed length control field 00353nam a2200145Ia 4500
008 - FIXED-LENGTH DATA ELEMENTS--GENERAL INFORMATION
fixed length control field 150201s2005 xx 000 0 und d
082 ## - DEWEY DECIMAL CLASSIFICATION NUMBER
Classification number 617.632
Item number C2005V
100 ## - MAIN ENTRY--PERSONAL NAME
Personal name VARMA & NAYAK R.P
245 ## - TITLE STATEMENT
Title CLINICAL PERIODONTOLOGY
250 ## - EDITION STATEMENT
Edition statement 1ST
260 ## - PUBLICATION, DISTRIBUTION, ETC. (IMPRINT)
Name of publisher, distributor, etc. ARYA PUBLICATION
Place of publication, distribution, etc. DELHI
Date of publication, distribution, etc. 2005
300 ## - PHYSICAL DESCRIPTION
Extent 1-376
650 ## - SUBJECT ADDED ENTRY--TOPICAL TERM
Topical term or geographic name as entry element PERIODONTICS
942 ## - ADDED ENTRY ELEMENTS (KOHA)
Source of classification or shelving scheme Dewey Decimal Classification
Koha item type Books
Holdings
Withdrawn status Lost status Source of classification or shelving scheme Damaged status Not for loan Home library Current library Date acquired Source of acquisition Cost, normal purchase price Serial Enumeration / chronology SGTU Bill Number Total Checkouts Full call number Barcode Date last seen Bill Date Koha item type Date last checked out
    Dewey Decimal Classification     SGT Dental Library SGT Dental Library 16/02/2006 U.B.S.DELHI 425.00 1 SGTU 988   617.632 C2005V FD3916 09/02/2015 30/07/2012 Books  
    Dewey Decimal Classification     SGT Dental Library SGT Dental Library 16/02/2006 U.B.S.DELHI 425.00 1 SGTU 988   617.632 C2005V FD3917 09/02/2015 30/07/2012 Books  
    Dewey Decimal Classification     SGT Dental Library SGT Dental Library 16/02/2006 U.B.S.DELHI 425.00 1 SGTU 988   617.632 C2005V FD3918 09/02/2015 30/07/2012 Books  
    Dewey Decimal Classification     SGT Dental Library SGT Dental Library 16/02/2006 U.B.S.DELHI 425.00 1 SGTU 988   617.632 C2005V FD3919 09/02/2015 30/07/2012 Books  
    Dewey Decimal Classification     SGT Dental Library SGT Dental Library 16/02/2006 U.B.S.DELHI 425.00 1 SGTU 988 1 617.632 C2005V FD3920 26/12/2016 30/07/2012 Books 21/12/2016